| 000 | 00820nam a2200265 a 4500 | ||
|---|---|---|---|
| 001 | BRL_1327 | ||
| 005 | 20190320211142.0 | ||
| 008 | 070114s1976----nyuoa#####---#000-0#eng-# | ||
| 020 | _a0684144980 | ||
| 041 | _aeng | ||
| 044 | _anyu | ||
| 050 | 4 |
_aTT770 _b.G66 1976 |
|
| 100 | 1 |
_aGoodman, Frances Schaill _926538 |
|
| 245 | 1 | 0 |
_aThe embroidery of Mexico and Guatemala _cFrances Schaill Goodman. |
| 260 |
_aNew York _bCharles Scribner`s Sons _c1976 |
||
| 300 |
_a81 p. _bil. ; fotografías (a color) _c28 cm. |
||
| 500 | _aAu1554 | ||
| 500 | _aIncluye dedicatoria a Ruth Lechuga | ||
| 650 | 1 | 4 |
_aBordado _zMéxico _94710 |
| 650 | 1 | 4 |
_aBordado _zGuatemala _926539 |
| 650 | 1 | 4 |
_aIndustria textil indígena _zMéxico _94675 |
| 650 | 1 | 4 |
_aIndustria textil indígena _zGuatemala _926496 |
| 902 | _aGRL | ||
| 942 |
_2lcc _cB |
||
| 999 |
_c10139 _d10139 |
||